Pintura victoriana (Record no. 88885)

MARC details
000 -LEADER
campo de control de longitud fija 00938nam a2200253 i 4500
001 - NÚMERO DE CONTROL
campo de control 88885
003 - IDENTIFICADOR DE NÚMERO DE CONTROL
campo de control ES-MaACL
005 - FECHA Y HORA DE LA ÚLTIMA TRANSACCIÓN
campo de control 20250815162451.0
007 - CAMPO FIJO DE DESCRIPCIÓN FÍSICA--INFORMACIÓN GENERAL
campo de control de longitud fija t|
008 - DATOS DE LONGITUD FIJA--INFORMACIÓN GENERAL
campo de control de longitud fija 050110s1993 sp ac ||||1| spa d
020 ## - NÚMERO INTERNACIONAL ESTÁNDAR DEL LIBRO
Número Internacional Estándar del Libro 84-87317-22-7
080 ## - NÚMERO DE LA CLASIFICACIÓN DECIMAL UNIVERSAL
Número de la Clasificación Decimal Universal 75.035(410)(083.824)
245 00 - MENCIÓN DEL TÍTULO
Título Pintura victoriana
Resto del título : de Turner a Whistler /
Mención de responsabilidad, etc. comité científico, Robin Hamlyn ... [et al.] ; organizada por The British Council, Museo del Prado, Madrid, Bayerische Staatsgemèaldesammlungen, Munich.
260 ## - PUBLICACIÓN, DISTRIBUCIÓN, ETC.
Lugar de publicación, distribución, etc. [Madrid] :
Nombre del editor, distribuidor, etc. Museo del Prado,
Fecha de publicación, distribución, etc. 1993.
300 ## - DESCRIPCIÓN FÍSICA
Extensión 247 p. :
Otras características físicas il. col. ;
Dimensiones 34 cm.
650 17 - PUNTO DE ACCESO ADICIONAL DE MATERIA--TÉRMINO DE MATERIA
Término de materia o nombre geográfico como elemento de entrada Pintura victoriana
Fuente del encabezamiento o término embne
9 (RLIN) 149708
650 #4 - PUNTO DE ACCESO ADICIONAL DE MATERIA--TÉRMINO DE MATERIA
Término de materia o nombre geográfico como elemento de entrada Pintura británica-
Subdivisión cronológica S.XIX-
Subdivisión de forma Exposiciones.
9 (RLIN) 149709
655 #7 - TERMINO DE INDIZACIÓN--GENERO/FORMA
Fuente del término tgfbne
9 (RLIN) 193628
Datos o término principal de género/forma Catálogos de exposiciones
700 1# - ENTRADA AGREGADA--NOMBRE PERSONAL
Nombre de persona Hamlyn, Robin.
9 (RLIN) 61669
710 2# - ENTRADA AGREGADA--NOMBRE DE ENTIDAD CORPORATIVA
Nombre de entidad corporativa o nombre de jurisdicción como elemento de entrada Museo Nacional del Prado.
9 (RLIN) 160001
852 ## - LOCALIZACIÓN
Ubicación ES-MaACL
Número de control de estantería E-10734
942 ## - ELEMENTOS DE ENTRADA SECUNDARIOS (KOHA)
Fuente del sistema de clasificación o colocación Clasificación decimal universal
Holdings
Estatus retirado Estado de pérdida Estado de daño No para préstamo Biblioteca de origen Biblioteca actual Ubicación en estantería Fecha de adquisición Fuente de adquisición Total de préstamos Signatura topográfica completa Código de barras Visto por última vez Precio de reemplazo Tipo de ítem Koha
        Biblioteca del Ateneo de Madrid Biblioteca del Ateneo de Madrid Depósito 2 17/01/2008     E-10734 1092837 23/02/2023 23/02/2023 Libro impreso